000 00836nam a2200289Ia 4500
001 Z_4294
003 CHAP
008 220113s19XX xx 000 0 und d
010 _a167359
040 _cCHAP
090 _aFolleto 36
100 _aAlvarez Trillanes, Manuel
_94991
245 _aInseminación artificial en porcinos /
_cpor Manuel Alvarez Trillanes
260 _aMéxico, D.F. :
_bInstituto Nacional de Inseminación Artificial y Reproducción animal,
_c19XX
300 _a44 h.
440 _a
500 _a
503 _a
650 _aGanado porcino
_xReproducción
_945403
650 _aInseminación artificial I. Instituto Nacional de Inseminación Artificial y Reproducción animal
_9141534
901 _aFolleto 36
902 _aA
910 _a19XX
942 _cc14
942 _cc14
999 _c167359
_d167359